000
00296 a2200121 4500
005
20260429094607.0
020
_a
9788775658205
100
_a
KING,P
245
_a
International Communication
260
_a
UNITED STATES
_b
PatrickingConsulting.com
_c
2026
300
_a
173p:
_c
20.4cm
942
_2
ddc
_c
BKS
999
_c
6873
_d
6873